000 00682na a2200253 4500
999 _c13355
_d13355
001 24569
003 MIRAKIL
005 20190628165659.0
008 181206b tu 000 0
020 _a9757720100
035 _a13909
040 _aTR-AnCHP
_btur
_cTR-AnCHP
041 _atur
082 _a956.1024
_bÇ31k 1998
100 _aÇeçen, Anıl
245 _aKemalizm /
_cAnıl Çeçen.
260 _aİstanbul :
_bÇağdaş yayınları,
_c1998.
300 _a232 s.
_c20 sm.
600 _aAtatürk, Mustafa Kemal
_d1881-1938
_xAtatürk devrimleri
650 _aKemalizm
_xTürkiye
650 _aAtatürkçülük
_xİlkeler
942 _2ddc
_cBKS
999 _d13355